[Event "DEM U16w 2025"]
[Site "Willingen GER"]
[Date "2025.06.11"]
[Round "5"]
[White "Trunz, Tamila"]
[Black "Dedic, Sajra"]
[Result "1-0"]
[Termination "normal"]
[Board "6"]
[WhiteElo "2053"]
[BlackElo "1657"]
[WhiteClock "00:32:29"]
[BlackClock "00:05:28"]
[PlyCount "37"]
[WhiteFideId "16267885"]
[BlackFideId "14422794"]
[EventCountry "GER"]
[EventRounds "9"]
[EventType "swiss"]
[EventDate "2025.06.07"]

1. e4 {[%clk 01:30:54]} {[%emt 00:00:06]} c5 {[%clk 01:30:54]} {[%emt
00:00:06]} 2. Nf3 {[%clk 01:31:15]} {[%emt 00:00:07]} a6 {[%clk 01:31:21]}
{[%emt 00:00:04]} 3. g3 {[%clk 01:31:36]} {[%emt 00:00:09]} Nc6 {[%clk
01:29:03]} {[%emt 00:02:49]} 4. Bg2 {[%clk 01:30:10]} {[%emt 00:01:56]} e5
{[%clk 01:29:02]} {[%emt 00:00:30]} 5. O-O {[%clk 01:24:26]} {[%emt 00:06:14]}
Be7 {[%clk 01:28:05]} {[%emt 00:01:28]} 6. c3 {[%clk 01:19:43]} {[%emt
00:05:12]} Qb6 {[%clk 01:25:31]} {[%emt 00:03:04]} 7. Na3 {[%clk 01:15:43]}
{[%emt 00:04:30]} d6 {[%clk 01:25:19]} {[%emt 00:00:42]} 8. Nc4 {[%clk
01:10:33]} {[%emt 00:05:40]} Qc7 {[%clk 01:25:41]} {[%emt 00:00:07]} 9. Ne3
{[%clk 01:08:48]} {[%emt 00:02:15]} Nf6 {[%clk 01:23:20]} {[%emt 00:02:52]} 10.
d4 {[%clk 01:08:33]} {[%emt 00:00:45]} exd4 {[%clk 01:13:22]} {[%emt 00:10:29]}
11. cxd4 {[%clk 01:07:05]} {[%emt 00:01:57]} O-O {[%clk 01:07:38]} {[%emt
00:06:14]} 12. Re1 {[%clk 01:05:16]} {[%emt 00:02:19]} b5 {[%clk 01:03:11]}
{[%emt 00:04:59]} 13. e5 {[%clk 00:52:20]} {[%emt 00:13:25]} dxe5 {[%clk
00:53:03]} {[%emt 00:10:37]} 14. Nxe5 {[%clk 00:50:29]} {[%emt 00:02:22]} Bb7
{[%clk 00:40:56]} {[%emt 00:12:37]} 15. Nf5 {[%clk 00:45:51]} {[%emt 00:05:08]}
Bd6 {[%clk 00:34:55]} {[%emt 00:06:31]} 16. Bf4 {[%clk 00:34:33]} {[%emt
00:11:48]} Bxe5 {[%clk 00:20:29]} {[%emt 00:14:56]} 17. dxe5 {[%clk 00:34:29]}
{[%emt 00:00:34]} Rad8 {[%clk 00:19:10]} {[%emt 00:01:48]} 18. exf6 {[%clk
00:32:15]} {[%emt 00:02:44]} Qxf4 {[%clk 00:05:28]} {[%emt 00:14:13]} 19. gxf4
{[%clk 00:32:29]} {[%emt 00:00:16]} 1-0

[Event "DEM U16w 2025"]
[Site "Willingen GER"]
[Date "2025.06.11"]
[Round "5"]
[White "Kopylov, Diana"]
[Black "Moldovan, Stela"]
[Result "0-1"]
[Termination "normal"]
[Board "7"]
[WhiteElo "1890"]
[BlackElo "1711"]
[WhiteClock "00:27:35"]
[BlackClock "01:12:38"]
[PlyCount "98"]
[WhiteFideId "16268865"]
[BlackFideId "16287380"]
[EventCountry "GER"]
[EventRounds "9"]
[EventType "swiss"]
[EventDate "2025.06.07"]

1. e4 {[%clk 01:30:54]} {[%emt 00:00:05]} c6 {[%clk 01:30:24]} {[%emt
00:00:36]} 2. d4 {[%clk 01:31:00]} {[%emt 00:00:25]} d5 {[%clk 01:30:32]}
{[%emt 00:00:21]} 3. Nc3 {[%clk 01:31:24]} {[%emt 00:00:06]} dxe4 {[%clk
01:30:18]} {[%emt 00:00:45]} 4. Nxe4 {[%clk 01:31:48]} {[%emt 00:00:05]} Nf6
{[%clk 01:30:38]} {[%emt 00:00:10]} 5. Nxf6+ {[%clk 01:32:09]} {[%emt
00:00:09]} exf6 {[%clk 01:30:49]} {[%emt 00:00:19]} 6. c3 {[%clk 01:32:14]}
{[%emt 00:00:25]} Bd6 {[%clk 01:29:47]} {[%emt 00:01:31]} 7. Bd3 {[%clk
01:32:28]} {[%emt 00:00:16]} Be6 {[%emt 00:03:11]} 8. Ne2 {[%clk 01:27:53]}
{[%emt 00:04:51]} Qc7 {[%clk 01:24:06]} {[%emt 00:03:44]} 9. h3 {[%clk
01:26:24]} {[%emt 00:02:00]} Nd7 {[%clk 01:22:09]} {[%emt 00:02:27]} 10. Qc2
{[%clk 01:25:49]} {[%emt 00:01:05]} c5 {[%clk 01:12:35]} {[%emt 00:10:04]} 11.
O-O {[%clk 01:17:42]} {[%emt 00:08:37]} h5 {[%clk 01:11:07]} {[%emt 00:01:58]}
12. Re1 {[%clk 01:14:50]} {[%emt 00:03:21]} O-O-O {[%clk 01:10:29]} {[%emt
00:01:09]} 13. c4 {[%clk 01:12:42]} {[%emt 00:02:38]} Nb6 {[%clk 01:07:16]}
{[%emt 00:03:42]} 14. d5 {[%clk 01:11:33]} {[%emt 00:01:40]} Bd7 {[%clk
01:07:21]} {[%emt 00:00:24]} 15. a4 {[%clk 01:10:32]} {[%emt 00:01:32]} g5
{[%clk 01:04:52]} {[%emt 00:02:59]} 16. a5 {[%clk 01:09:00]} {[%emt 00:02:02]}
Na8 {[%clk 01:05:04]} {[%emt 00:00:19]} 17. Be3 {[%clk 01:05:00]} {[%emt
00:04:29]} h4 {[%clk 01:03:04]} {[%emt 00:02:30]} 18. Nc3 {[%clk 01:00:21]}
{[%emt 00:05:09]} g4 {[%clk 01:00:20]} {[%emt 00:03:14]} 19. Nb5 {[%clk
00:52:31]} {[%emt 00:08:20]} Qb8 {[%clk 00:57:40]} {[%emt 00:03:09]} 20. hxg4
{[%clk 00:48:02]} {[%emt 00:05:00]} Bh2+ {[%clk 00:55:53]} {[%emt 00:02:17]}
21. Kh1 {[%clk 00:45:38]} {[%emt 00:02:54]} h3 {[%clk 00:53:53]} {[%emt
00:02:30]} 22. Bxc5 {[%clk 00:39:57]} {[%emt 00:06:11]} hxg2+ {[%clk 00:51:22]}
{[%emt 00:03:01]} 23. Kxg2 {[%clk 00:37:47]} Qf4 {[%clk 00:51:10]} {[%emt
00:03:21]} 24. Bf5 {[%clk 00:28:05]} Bxf5 {[%clk 00:49:43]} {[%emt 00:12:10]}
25. Qxf5+ {[%clk 00:22:20]} Qxf5 {[%emt 00:06:46]} 26. Nxa7+ Kb8 {[%clk
00:49:43]} 27. gxf5 {[%clk 00:22:09]} Rdg8+ {[%emt 00:03:05]} 28. Kf3 {[%clk
00:21:03]} {[%emt 00:00:03]} Rh4 {[%clk 00:49:59]} {[%emt 00:00:50]} 29. Re4
{[%clk 00:17:07]} {[%emt 00:04:28]} Rh3+ {[%clk 00:50:02]} {[%emt 00:00:24]}
30. Ke2 {[%clk 00:17:30]} {[%emt 00:00:09]} Rb3 {[%clk 00:50:13]} {[%emt
00:00:19]} 31. Bd4 {[%clk 00:16:47]} {[%emt 00:01:13]} Nc7 {[%clk 00:49:49]}
{[%emt 00:00:55]} 32. d6 {[%clk 00:15:46]} {[%emt 00:01:31]} Bxd6 {[%clk
00:49:35]} {[%emt 00:00:45]} 33. c5 {[%clk 00:14:10]} {[%emt 00:02:04]} Be5
{[%clk 00:49:27]} {[%emt 00:00:37]} 34. a6 {[%clk 00:06:20]} {[%emt 00:08:22]}
Bxd4 {[%clk 00:47:03]} {[%emt 00:02:55]} 35. Rxd4 {[%clk 00:05:55]} {[%emt
00:00:54]} Rxb2+ {[%clk 00:46:37]} {[%emt 00:00:55]} 36. Kf3 {[%clk 00:05:42]}
{[%emt 00:00:44]} Kxa7 {[%clk 00:46:46]} {[%emt 00:00:21]} 37. Rd7 {[%clk
00:04:56]} {[%emt 00:01:15]} Nxa6 {[%clk 00:46:50]} {[%emt 00:00:27]} 38. c6
{[%clk 00:04:31]} {[%emt 00:00:55]} Rc8 {[%clk 00:46:15]} {[%emt 00:01:00]} 39.
c7 {[%clk 00:02:11]} {[%emt 00:02:56]} Rc2 {[%clk 00:46:17]} {[%emt 00:00:24]}
40. Rxf7 {[%clk 00:02:29]} {[%emt 00:00:15]} Rc6 {[%clk 00:46:34]} {[%emt
00:00:12]} 41. Kg4 {[%clk 00:00:32]} {[%emt 00:02:27]} R8xc7 {[%clk 00:45:56]}
{[%emt 00:01:09]} 42. Rf8 {[%clk 00:30:15]} {[%emt 00:00:46]} b5 {[%clk
01:15:08]} {[%emt 00:01:17]} 43. Kh5 {[%clk 00:29:35]} {[%emt 00:01:11]} Rg7
{[%clk 01:14:19]} {[%emt 00:01:14]} 44. Re1 {[%clk 00:28:06]} {[%emt 00:02:02]}
Rg5+ {[%clk 01:14:10]} {[%emt 00:00:40]} 45. Kh6 {[%clk 00:28:06]} {[%emt
00:00:31]} Rxf5 {[%clk 01:14:25]} {[%emt 00:00:16]} 46. Re2 {[%clk 00:27:47]}
{[%emt 00:00:49]} Rf3 {[%clk 01:12:30]} {[%emt 00:02:21]} 47. Kg6 {[%clk
00:27:50]} {[%emt 00:00:31]} b4 {[%clk 01:12:38]} {[%emt 00:00:22]} 48. Re7+
{[%emt 00:00:45]} Kb6 49. Re2 {[%clk 00:27:35]} Rc2 {[%clk 01:12:38]} 0-1

[Event "DEM U16w 2025"]
[Site "Willingen GER"]
[Date "2025.06.11"]
[Round "5"]
[White "Oellrich, Emma"]
[Black "Prokscha, Charlotte"]
[Result "0-1"]
[Termination "normal"]
[Board "8"]
[WhiteElo "1824"]
[BlackElo "1808"]
[WhiteClock "00:02:21"]
[BlackClock "00:15:37"]
[PlyCount "72"]
[WhiteFideId "16268806"]
[BlackFideId "34614699"]
[EventCountry "GER"]
[EventRounds "9"]
[EventType "swiss"]
[EventDate "2025.06.07"]

1. d4 {[%clk 01:30:59]} {[%emt 00:00:01]} d5 {[%clk 01:30:54]} {[%emt
00:00:06]} 2. c4 {[%clk 01:31:25]} {[%emt 00:00:05]} e6 {[%clk 01:31:20]}
{[%emt 00:00:04]} 3. Nf3 {[%clk 01:31:51]} {[%emt 00:00:04]} Nf6 {[%clk
01:31:42]} {[%emt 00:00:07]} 4. Nc3 {[%clk 01:32:16]} {[%emt 00:00:04]} Bb4
{[%clk 01:32:05]} {[%emt 00:00:08]} 5. Bg5 {[%clk 01:32:42]} {[%emt 00:00:05]}
h6 {[%clk 01:32:09]} {[%emt 00:00:26]} 6. Bh4 {[%clk 01:33:04]} {[%emt
00:00:08]} O-O {[%clk 01:31:24]} {[%emt 00:01:14]} 7. e3 {[%clk 01:33:21]}
{[%emt 00:00:13]} Nbd7 {[%clk 01:16:55]} {[%emt 00:14:59]} 8. Qc2 {[%clk
01:25:27]} {[%emt 00:08:24]} c5 {[%clk 01:09:32]} {[%emt 00:07:53]} 9. cxd5
{[%clk 01:18:16]} {[%emt 00:07:41]} exd5 {[%clk 01:08:01]} {[%emt 00:02:01]}
10. a3 {[%clk 01:09:32]} {[%emt 00:09:14]} Qa5 {[%clk 01:04:17]} {[%emt
00:04:13]} 11. Rc1 {[%clk 00:49:47]} {[%emt 00:20:16]} Bxc3+ {[%clk 01:02:57]}
{[%emt 00:01:50]} 12. Qxc3 {[%clk 00:50:00]} {[%emt 00:00:17]} Qxc3+ {[%clk
01:02:38]} {[%emt 00:00:48]} 13. Rxc3 {[%clk 00:50:13]} {[%emt 00:00:18]} c4
{[%clk 01:02:29]} {[%emt 00:00:39]} 14. Nd2 {[%clk 00:49:19]} {[%emt 00:01:24]}
b5 {[%clk 00:58:38]} {[%emt 00:04:21]} 15. Bg3 {[%clk 00:47:00]} {[%emt
00:02:49]} Re8 {[%clk 00:56:01]} {[%emt 00:03:06]} 16. b4 {[%clk 00:45:26]}
{[%emt 00:02:05]} Re6 {[%clk 00:52:25]} {[%emt 00:04:03]} 17. Be2 {[%clk
00:44:24]} {[%emt 00:01:35]} a5 {[%clk 00:50:53]} {[%emt 00:02:02]} 18. bxa5
{[%clk 00:42:52]} {[%emt 00:02:02]} Rxa5 {[%clk 00:51:11]} {[%emt 00:00:12]}
19. O-O {[%clk 00:43:04]} {[%emt 00:00:17]} Rea6 {[%clk 00:51:25]} {[%emt
00:00:16]} 20. Nb1 {[%clk 00:43:13]} {[%emt 00:00:22]} Ne4 {[%clk 00:50:34]}
{[%emt 00:01:20]} 21. Rcc1 {[%clk 00:43:29]} {[%emt 00:00:15]} Nxg3 {[%clk
00:50:25]} {[%emt 00:00:39]} 22. hxg3 {[%clk 00:43:45]} {[%emt 00:00:13]} Nf6
{[%clk 00:50:27]} {[%emt 00:00:27]} 23. f3 {[%clk 00:43:21]} {[%emt 00:00:56]}
Bf5 {[%clk 00:50:05]} {[%emt 00:00:51]} 24. Kf2 {[%clk 00:33:45]} {[%emt
00:10:08]} Ne8 {[%clk 00:44:15]} {[%emt 00:06:17]} 25. Nc3 {[%clk 00:31:22]}
{[%emt 00:02:55]} Nc7 {[%clk 00:37:24]} {[%emt 00:07:20]} 26. e4 {[%clk
00:24:04]} {[%emt 00:07:49]} Be6 {[%clk 00:36:53]} {[%emt 00:01:01]} 27. Rb1
{[%clk 00:17:39]} {[%emt 00:06:55]} Bd7 {[%clk 00:33:03]} {[%emt 00:04:19]} 28.
a4 {[%clk 00:09:37]} {[%emt 00:08:34]} bxa4 {[%clk 00:31:23]} {[%emt 00:02:09]}
29. Rb7 {[%clk 00:09:48]} {[%emt 00:00:19]} Ra7 {[%clk 00:31:41]} {[%emt
00:00:11]} 30. Rxc7 {[%clk 00:09:42]} {[%emt 00:00:37]} Rxc7 {[%clk 00:29:52]}
{[%emt 00:02:20]} 31. Nxd5 {[%clk 00:10:06]} {[%emt 00:00:04]} Rxd5 {[%clk
00:24:30]} {[%emt 00:05:53]} 32. exd5 {[%clk 00:10:32]} {[%emt 00:00:04]} c3
{[%clk 00:23:06]} {[%emt 00:01:54]} 33. Ke3 {[%clk 00:08:22]} {[%emt 00:02:39]}
a3 {[%clk 00:21:22]} {[%emt 00:02:15]} 34. Bd3 {[%clk 00:04:37]} {[%emt
00:04:15]} a2 {[%clk 00:18:41]} {[%emt 00:03:09]} 35. Bc2 {[%clk 00:03:03]}
{[%emt 00:02:06]} Bb5 {[%clk 00:16:33]} {[%emt 00:02:39]} 36. d6 {[%clk
00:02:21]} {[%emt 00:01:11]} Bxf1 {[%clk 00:15:37]} {[%emt 00:01:26]} 0-1

[Event "DEM U16w 2025"]
[Site "Willingen GER"]
[Date "2025.06.11"]
[Round "5"]
[White "Ignatova, Gabriela"]
[Black "Boronina, Kseniia"]
[Result "1-0"]
[Termination "normal"]
[Board "9"]
[WhiteElo "1688"]
[BlackElo "1691"]
[WhiteClock "00:54:02"]
[BlackClock "01:02:56"]
[PlyCount "35"]
[WhiteFideId "34623698"]
[BlackFideId "34308768"]
[EventCountry "GER"]
[EventRounds "9"]
[EventType "swiss"]
[EventDate "2025.06.07"]

1. e4 {[%clk 01:30:55]} {[%emt 00:00:04]} e5 {[%clk 01:30:57]} {[%emt
00:00:04]} 2. Nf3 {[%clk 01:31:16]} {[%emt 00:00:09]} Nc6 {[%clk 01:31:24]}
{[%emt 00:00:03]} 3. d4 {[%clk 01:31:34]} {[%emt 00:00:11]} exd4 {[%clk
01:31:49]} {[%emt 00:00:05]} 4. c3 {[%clk 01:31:56]} {[%emt 00:00:08]} dxc3
{[%clk 01:32:12]} {[%emt 00:00:09]} 5. Bc4 {[%clk 01:32:14]} {[%emt 00:00:12]}
cxb2 {[%clk 01:31:16]} {[%emt 00:01:25]} 6. Bxb2 {[%clk 01:32:32]} {[%emt
00:00:13]} d5 {[%clk 01:27:18]} {[%emt 00:04:28]} 7. exd5 {[%clk 01:24:36]}
{[%emt 00:08:26]} Nce7 {[%clk 01:17:24]} {[%emt 00:10:24]} 8. O-O {[%clk
01:17:59]} {[%emt 00:07:07]} Nf5 {[%clk 01:12:54]} {[%emt 00:05:01]} 9. Re1+
{[%clk 01:09:18]} {[%emt 00:09:10]} Nge7 {[%clk 01:13:09]} {[%emt 00:00:14]}
10. Ne5 {[%clk 01:07:27]} {[%emt 00:02:22]} Nd6 {[%clk 01:12:57]} {[%emt
00:00:43]} 11. Bb3 {[%clk 01:07:13]} {[%emt 00:00:44]} b5 {[%clk 01:09:47]}
{[%emt 00:03:39]} 12. Nc6 {[%clk 00:59:57]} {[%emt 00:07:45]} Qd7 {[%clk
01:10:16]} {[%emt 00:00:01]} 13. Nd2 {[%clk 00:58:45]} {[%emt 00:01:42]} f6
{[%clk 01:06:20]} {[%emt 00:04:26]} 14. Qh5+ {[%clk 00:57:17]} {[%emt
00:01:58]} g6 {[%clk 01:06:34]} {[%emt 00:00:17]} 15. Qf3 {[%clk 00:57:10]}
{[%emt 00:00:36]} Qf5 {[%clk 01:02:13]} {[%emt 00:04:52]} 16. Qxf5 {[%clk
00:54:37]} {[%emt 00:03:03]} Ndxf5 {[%clk 01:02:32]} {[%emt 00:00:11]} 17. Bxf6
{[%clk 00:54:18]} {[%emt 00:00:49]} Rg8 {[%clk 01:02:56]} {[%emt 00:00:05]} 18.
d6 {[%clk 00:54:02]} {[%emt 00:00:46]} 1-0

[Event "DEM U16w 2025"]
[Site "Willingen GER"]
[Date "2025.06.11"]
[Round "5"]
[White "Rabe, Elina"]
[Black "Weng, Yueyi Elina"]
[Result "0-1"]
[Termination "normal"]
[Board "10"]
[WhiteElo "1507"]
[BlackElo "1805"]
[WhiteClock "00:07:13"]
[BlackClock "00:07:20"]
[PlyCount "88"]
[WhiteFideId "34623531"]
[BlackFideId "34639896"]
[EventCountry "GER"]
[EventRounds "9"]
[EventType "swiss"]
[EventDate "2025.06.07"]

1. d4 {[%clk 01:30:59]} d5 {[%clk 01:30:51]} {[%emt 00:00:10]} 2. Nc3 {[%clk
01:31:25]} {[%emt 00:00:04]} Nf6 {[%clk 01:30:12]} {[%emt 00:01:08]} 3. Bf4
{[%clk 01:31:49]} {[%emt 00:00:07]} c6 {[%clk 01:30:16]} {[%emt 00:00:25]} 4.
Qd2 {[%clk 01:31:33]} {[%emt 00:00:47]} Nbd7 {[%clk 01:29:32]} {[%emt
00:01:14]} 5. f3 {[%clk 01:31:36]} {[%emt 00:00:27]} b5 {[%clk 01:24:15]}
{[%emt 00:05:46]} 6. a3 {[%clk 01:29:43]} {[%emt 00:02:24]} e6 {[%clk
01:22:07]} {[%emt 00:02:37]} 7. e4 {[%clk 01:26:28]} {[%emt 00:03:46]} dxe4
{[%clk 01:20:09]} {[%emt 00:02:27]} 8. Nxe4 {[%clk 01:23:32]} {[%emt 00:03:27]}
Nb6 {[%clk 01:15:16]} {[%emt 00:05:22]} 9. Nxf6+ {[%clk 01:17:14]} {[%emt
00:06:48]} Qxf6 {[%clk 01:13:15]} {[%emt 00:02:31]} 10. Bg5 {[%clk 01:12:37]}
{[%emt 00:05:09]} Qf5 {[%clk 01:09:34]} {[%emt 00:04:09]} 11. Bd3 {[%clk
01:07:49]} {[%emt 00:05:18]} Qd5 {[%clk 01:09:46]} {[%emt 00:00:19]} 12. Be4
{[%clk 01:08:03]} {[%emt 00:00:15]} Qd7 {[%clk 01:10:05]} {[%emt 00:00:11]} 13.
Ne2 {[%clk 01:06:32]} {[%emt 00:02:01]} Bb7 {[%clk 01:09:55]} {[%emt 00:00:40]}
14. O-O {[%clk 01:05:54]} {[%emt 00:01:08]} Bd6 {[%clk 01:05:43]} {[%emt
00:04:42]} 15. b4 {[%clk 01:01:31]} {[%emt 00:04:53]} O-O {[%clk 01:04:11]}
{[%emt 00:02:02]} 16. c3 {[%clk 00:58:30]} {[%emt 00:03:32]} Qc7 {[%clk
00:57:26]} {[%emt 00:07:15]} 17. f4 {[%clk 00:50:07]} {[%emt 00:08:53]} a5
{[%clk 00:55:39]} {[%emt 00:02:16]} 18. Qc2 {[%clk 00:48:46]} {[%emt 00:01:51]}
h6 {[%clk 00:52:54]} {[%emt 00:03:14]} 19. Bh4 {[%clk 00:45:37]} {[%emt
00:03:40]} Nc4 {[%clk 00:52:47]} {[%emt 00:00:37]} 20. Rf3 {[%clk 00:44:22]}
{[%emt 00:01:45]} axb4 {[%clk 00:52:16]} {[%emt 00:01:01]} 21. cxb4 {[%clk
00:42:32]} {[%emt 00:02:20]} Bxb4 {[%clk 00:51:57]} {[%emt 00:00:50]} 22. Rg3
{[%clk 00:39:11]} {[%emt 00:03:52]} Be7 {[%clk 00:50:33]} {[%emt 00:01:53]} 23.
Bxe7 {[%clk 00:34:05]} {[%emt 00:05:36]} Qxe7 {[%clk 00:50:29]} {[%emt
00:00:33]} 24. Qc3 {[%clk 00:31:34]} {[%emt 00:03:01]} f5 {[%clk 00:43:41]}
{[%emt 00:07:18]} 25. Bc2 {[%clk 00:29:25]} {[%emt 00:02:39]} Nd6 {[%clk
00:32:30]} {[%emt 00:11:40]} 26. Qc5 {[%clk 00:24:32]} {[%emt 00:05:25]} Rf7
{[%clk 00:31:26]} {[%emt 00:01:33]} 27. Bb3 {[%clk 00:21:32]} {[%emt 00:03:31]}
Ne4 {[%clk 00:30:14]} {[%emt 00:01:41]} 28. Qxe7 {[%clk 00:21:06]} {[%emt
00:00:56]} Rxe7 {[%clk 00:30:34]} {[%emt 00:00:11]} 29. Re3 {[%clk 00:20:50]}
{[%emt 00:00:46]} Kf7 {[%clk 00:26:29]} {[%emt 00:04:35]} 30. Bc2 {[%clk
00:19:16]} {[%emt 00:02:03]} Nd6 {[%clk 00:25:28]} {[%emt 00:01:31]} 31. Ng3
{[%clk 00:18:35]} {[%emt 00:01:12]} Rc8 {[%clk 00:24:08]} {[%emt 00:01:49]} 32.
Bb3 {[%clk 00:18:25]} {[%emt 00:00:41]} c5 {[%clk 00:23:53]} {[%emt 00:00:44]}
33. Rae1 {[%clk 00:15:48]} {[%emt 00:03:07]} c4 {[%clk 00:23:09]} {[%emt
00:01:14]} 34. Bc2 {[%clk 00:15:57]} {[%emt 00:00:21]} g6 {[%clk 00:22:24]}
{[%emt 00:01:16]} 35. Re5 {[%clk 00:14:47]} {[%emt 00:01:40]} Bd5 {[%clk
00:20:02]} {[%emt 00:02:51]} 36. Nf1 {[%clk 00:14:36]} {[%emt 00:00:42]} Rcc7
{[%clk 00:16:58]} {[%emt 00:03:34]} 37. Ne3 {[%clk 00:13:55]} {[%emt 00:01:10]}
Bc6 {[%clk 00:16:44]} {[%emt 00:00:43]} 38. Rd1 {[%clk 00:09:42]} {[%emt
00:04:44]} Ra7 {[%clk 00:09:38]} {[%emt 00:07:36]} 39. d5 {[%clk 00:07:21]}
{[%emt 00:02:52]} exd5 {[%clk 00:06:41]} {[%emt 00:03:26]} 40. Rxe7+ {[%clk
00:07:26]} {[%emt 00:00:26]} Kxe7 {[%clk 00:06:51]} {[%emt 00:00:20]} 41. Nxd5+
{[%clk 00:07:20]} {[%emt 00:00:35]} Bxd5 {[%clk 00:07:06]} {[%emt 00:00:16]}
42. Rxd5 {[%clk 00:07:45]} {[%emt 00:00:04]} Rxa3 {[%clk 00:07:27]} {[%emt
00:00:08]} 43. Rc5 {[%clk 00:07:43]} {[%emt 00:00:33]} b4 {[%clk 00:07:26]}
{[%emt 00:00:32]} 44. Rc7+ {[%clk 00:07:13]} {[%emt 00:01:00]} Ke6 {[%clk
00:07:20]} {[%emt 00:00:35]} 0-1

[Event "DEM U16w 2025"]
[Site "Willingen GER"]
[Date "2025.06.11"]
[Round "5"]
[White "Preißler, Viktoria"]
[Black "Dodul, Alice"]
[Result "1-0"]
[Termination "normal"]
[Board "11"]
[WhiteElo "1828"]
[BlackElo "1749"]
[WhiteClock "00:06:32"]
[BlackClock "00:06:42"]
[PlyCount "73"]
[WhiteFideId "34693360"]
[BlackFideId "34623817"]
[EventCountry "GER"]
[EventRounds "9"]
[EventType "swiss"]
[EventDate "2025.06.07"]

1. e4 {[%clk 01:30:55]} {[%emt 00:00:04]} e5 {[%clk 01:30:57]} {[%emt
00:00:04]} 2. d4 {[%clk 01:31:01]} {[%emt 00:00:25]} exd4 {[%clk 01:31:17]}
{[%emt 00:00:12]} 3. Qxd4 {[%clk 01:31:23]} {[%emt 00:00:07]} Nc6 {[%clk
01:31:43]} {[%emt 00:00:04]} 4. Qe3 {[%clk 01:31:46]} {[%emt 00:00:07]} Nf6
{[%clk 01:31:26]} {[%emt 00:00:46]} 5. Nc3 {[%clk 01:29:04]} {[%emt 00:03:12]}
Bb4 {[%clk 01:30:56]} {[%emt 00:01:00]} 6. Bd2 {[%clk 01:29:17]} {[%emt
00:00:17]} d6 {[%clk 01:27:14]} {[%emt 00:04:12]} 7. O-O-O {[%clk 01:21:52]}
{[%emt 00:07:55]} Be6 {[%clk 01:26:07]} {[%emt 00:01:37]} 8. Nge2 {[%clk
01:14:44]} {[%emt 00:07:38]} Qd7 {[%clk 01:20:30]} {[%emt 00:06:07]} 9. Nf4
{[%clk 01:12:24]} {[%emt 00:02:49]} O-O-O {[%clk 01:15:51]} {[%emt 00:05:09]}
10. Nxe6 {[%clk 01:09:58]} {[%emt 00:02:57]} fxe6 {[%clk 01:15:25]} {[%emt
00:00:56]} 11. Bb5 {[%clk 01:08:40]} {[%emt 00:01:47]} e5 {[%clk 01:09:49]}
{[%emt 00:06:06]} 12. Nd5 {[%clk 00:57:15]} {[%emt 00:11:56]} Bc5 {[%clk
00:59:26]} {[%emt 00:10:53]} 13. Qe2 {[%clk 00:56:19]} {[%emt 00:01:25]} Rde8
{[%clk 00:56:54]} {[%emt 00:03:02]} 14. Ba5 {[%clk 00:40:58]} {[%emt 00:15:53]}
Bb6 {[%clk 00:49:13]} {[%emt 00:08:10]} 15. Bxb6 {[%clk 00:39:56]} {[%emt
00:01:32]} axb6 {[%clk 00:49:06]} {[%emt 00:00:37]} 16. Qc4 {[%clk 00:36:43]}
{[%emt 00:03:43]} Kd8 {[%clk 00:40:00]} {[%emt 00:09:36]} 17. Rd3 {[%clk
00:35:54]} {[%emt 00:01:20]} Qc8 {[%clk 00:34:49]} {[%emt 00:05:40]} 18. Bxc6
{[%clk 00:32:44]} {[%emt 00:03:40]} bxc6 {[%clk 00:35:01]} {[%emt 00:00:18]}
19. Qxc6 {[%clk 00:31:17]} {[%emt 00:01:57]} Nxd5 {[%clk 00:33:03]} {[%emt
00:02:27]} 20. exd5 {[%clk 00:29:50]} {[%emt 00:01:58]} Qd7 {[%clk 00:32:46]}
{[%emt 00:00:48]} 21. Qc4 {[%clk 00:30:11]} {[%emt 00:00:08]} h6 {[%clk
00:29:55]} {[%emt 00:03:21]} 22. Ra3 {[%clk 00:28:29]} {[%emt 00:02:13]} Ke7
{[%clk 00:29:13]} {[%emt 00:01:11]} 23. f4 {[%clk 00:27:54]} {[%emt 00:01:04]}
Ra8 {[%clk 00:25:01]} {[%emt 00:04:44]} 24. Rg3 {[%clk 00:18:46]} {[%emt
00:09:37]} Kd8 {[%clk 00:21:42]} {[%emt 00:03:49]} 25. fxe5 {[%clk 00:18:24]}
{[%emt 00:00:52]} dxe5 {[%clk 00:20:16]} {[%emt 00:01:57]} 26. Re1 {[%clk
00:15:13]} {[%emt 00:03:41]} Re8 {[%clk 00:19:43]} {[%emt 00:01:02]} 27. Rge3
{[%clk 00:14:53]} {[%emt 00:00:50]} Qd6 {[%clk 00:18:46]} {[%emt 00:01:26]} 28.
a3 {[%clk 00:13:24]} {[%emt 00:01:59]} Ra5 {[%clk 00:17:40]} {[%emt 00:01:37]}
29. Rd1 {[%clk 00:11:00]} {[%emt 00:02:54]} Rf8 {[%clk 00:14:29]} {[%emt
00:03:41]} 30. Qg4 {[%clk 00:09:48]} {[%emt 00:01:41]} g5 {[%clk 00:11:09]}
{[%emt 00:03:51]} 31. Qe2 {[%clk 00:09:59]} {[%emt 00:00:19]} Re8 {[%clk
00:09:54]} {[%emt 00:01:46]} 32. c4 {[%clk 00:08:58]} {[%emt 00:01:30]} b5
{[%clk 00:08:29]} {[%emt 00:01:55]} 33. c5 {[%clk 00:07:00]} {[%emt 00:02:28]}
Qxc5+ {[%clk 00:08:16]} {[%emt 00:00:43]} 34. Rc3 {[%clk 00:07:25]} {[%emt
00:00:06]} Qb6 {[%clk 00:07:57]} {[%emt 00:00:48]} 35. Rc6 {[%clk 00:07:08]}
{[%emt 00:00:47]} Qa7 {[%clk 00:08:06]} {[%emt 00:00:21]} 36. d6 {[%clk
00:06:42]} {[%emt 00:00:56]} b4 {[%clk 00:06:42]} {[%emt 00:01:55]} 37. dxc7+
{[%clk 00:06:32]} {[%emt 00:00:40]} 1-0